Gifted Hands (Record no. 12554)

MARC details
000 -LEADER
fixed length control field 00245nam a22000977a 4500
008 - FIXED-LENGTH DATA ELEMENTS--GENERAL INFORMATION
fixed length control field 240404b |||||||| |||| 00| 0 eng d
020 ## - INTERNATIONAL STANDARD BOOK NUMBER
International Standard Book Number 9780310738305
100 ## - MAIN ENTRY--PERSONAL NAME
Personal name Lewis Gregg
9 (RLIN) 7758
245 ## - TITLE STATEMENT
Title Gifted Hands
260 ## - PUBLICATION, DISTRIBUTION, ETC. (IMPRINT)
Place of publication, distribution, etc. Michigan
Name of publisher, distributor, etc. Zonder Kidz
Date of publication, distribution, etc. 2013
Holdings
Withdrawn status Lost status Source of classification or shelving scheme Damaged status Koha normalized classification for sorting Not for loan Home library Current library Shelving location Date acquired Total Checkouts Full call number Barcode Date last seen Price effective from Koha item type
    Dewey Decimal Classification   LEW_617_000000000000000   Good Samaritan School Library Good Samaritan School Library RELIGION 04/04/2024   LEW617 LEW17869 04/04/2024 04/04/2024 BOOK

Powered by Koha